| 000 | 00607nam a2200157 4500 | ||
|---|---|---|---|
| 999 |
_c13302 _d13302 |
||
| 008 | 190228b ||||| |||| 00| 0 eng d | ||
| 022 | _a0746-8342 | ||
| 082 | _aDPer 510.5 C697 Jan 2012-Sept 2015 v. 43 & 46, n. 1-4 | ||
| 100 |
_aKoshy, Thomas. _937193 |
||
| 245 |
_aConvergence of a Catalan series/ _cThomas Koshy and Zhenguang Gao. |
||
| 260 |
_aWashington D. C.: _bMathematical Association of America, _c©Jul 2012-Sept 2015. |
||
| 300 |
_av43 n2, pages 141-146: _billustrations; _c28 cm. |
||
| 650 |
_aMathematics _xCatalan series. _937194 |
||
| 700 |
_aGao, Zhenguang _eAuthor. _937195 |
||
| 942 |
_2ddc _cPER |
||